| 000 | 01944nam a2200541 i 4500 | ||
|---|---|---|---|
| 001 | 1382 | ||
| 003 | KOSZ 005 | ||
| 005 | 20200131125657.0 | ||
| 008 | 200131s1979 pl a f 000 0 pol | ||
| 015 | _aPB 1979/10372 | ||
| 020 | _a8301008865 | ||
| 035 | _a991015509929705066 | ||
| 035 | _a(PL-WaBN)b14166355-48omnis_nlop | ||
| 035 | _ab14166355 | ||
| 035 | _a(OCoLC)749569345 | ||
| 035 | _a(PL)b0000001416635 | ||
| 035 | _a(EXLNZ-48OMNIS_NETWORK)9910505576405606 | ||
| 040 |
_aWA N _cWA N _dKOSZ 005/RW |
||
| 046 | _k1979 | ||
| 080 | _a624 | ||
| 080 | _a512.6 | ||
| 080 | _a(075.8) | ||
| 100 | 1 |
_aPietrzak, Jacek _eAutor |
|
| 245 | 1 | 0 |
_aMacierzowa analiza konstrukcji / _cJacek Pietrzak, Gustaw Rakowski, Kazimierz Wrześniowski. |
| 260 |
_aWarszawa ; Poznań : _bPaństwowe Wydawnictwo Naukowe, _c1979. |
||
| 300 |
_a356 stron, [1] k.arta tablic : _bilustracje, tablice, wykresy ; _c24 cm. |
||
| 336 |
_aTekst _btxt _2rdacontent |
||
| 337 |
_aBez urządzenia pośredniczącego _bn _2rdamedia |
||
| 338 |
_aWolumin _bnc _2rdacarrier |
||
| 380 | _aKsiążki | ||
| 380 | _aPublikacje dydaktyczne | ||
| 388 | _a1901-2000 | ||
| 504 | _aBibliografia przy rozdziałach. | ||
| 521 | 8 | _aSkrypt centralny dla studentów wyższych szkół technicznych na kierunku Budownictwo Lądowe. | |
| 650 | 7 |
_aKonstrukcje budowlane _2DBN |
|
| 650 | 7 |
_aMacierze _2DBN |
|
| 650 | 7 | _aZastosowanie i wykorzystanie | |
| 650 | 7 | _aTechnika | |
| 655 | 7 |
_aPodręczniki akademickie _2DBN |
|
| 658 | _aArchitektura i budownictwo | ||
| 658 | _aMatematyka | ||
| 700 | 1 |
_aRakowski, Gustaw _d(1929-2006) _eAutor |
|
| 700 | 1 |
_aWrześniowski, Kazimierz _d(1916-1987) _eAutor |
|
| 710 | 2 |
_aPaństwowe Wydawnictwo Naukowe _4pbl |
|
| 856 |
_uhttp://koha.tu.koszalin.pl/cgi-bin/koha/opac-detail.pl?biblionumber=1382 _yKatalog online BPK |
||
| 942 |
_2UKD _cKS |
||
| 999 |
_c1382 _d1382 |
||